000 01236nam a2200301Ia 4500
001 ebr10364754
003 CaPaEBR
006 m u
007 cr cn|||||||||
008 090901s2010 njua sb 001 0 eng d
010 _z 2009034338
020 _z9780691142920 (hardcover : alk. paper)
040 _aCaPaEBR
_cCaPaEBR
035 _a(OCoLC)697182451
050 1 4 _aQA242.5
_b.M67 2010eb
100 1 _aMorel, Sophie,
_d1979-
245 1 0 _aOn the cohomology of certain noncompact Shimura varieties
_h[electronic resource] /
_cSophie Morel; with an appendix by Robert Kottwitz.
260 _aPrinceton :
_bPrinceton University Press,
_cc2010.
300 _axi, 217 p. :
_bill.
490 0 _aAnnals of mathematics ;
_v173
504 _aIncludes bibliographical references and index.
533 _aElectronic reproduction.
_bPalo Alto, Calif. :
_cebrary,
_d2010.
_nAvailable via World Wide Web.
_nAccess may be limited to ebrary affiliated libraries.
650 0 _aShimura varieties.
650 0 _aHomology theory.
655 7 _aElectronic books.
_2local
710 2 _aebrary, Inc.
856 4 0 _uhttp://site.ebrary.com/lib/rucke/Doc?id=10364754
_zAn electronic book accessible through the World Wide Web; click to view
999 _c214302
_d214302